000 00402cam a2200157ua 4500
041 _aeng
_h
082 _a828.09
_bWEL/th
100 _aWellek Rene, Warren Austin .
245 _aTheory of Literature /
_cWarren Austin wellek Rene.
_hTextual Documents
250 _a3 /
_b.
260 _aLendon :
_bJonathan cape ,
_c1966.
300 _a375 ; .
504 _a
942 _cBK
999 _c2795
_d2795